00805nam a2200241 a 450000100060000000300080000600500170001400800410003102000250007203500190009704000270011604100080014308200270015124500830017826000530026130000330031449000390034750400370038665000310042370000260045470000440048083000390052473018BD-RjUL20211209082335.0170527s1975 nyua b 001 0 eng d a0444412980cfl 65.00 a(BD-RjUL)73236 aDLCcDLCdBD-RjULbeng aeng00223a363.7394bTRO 197500aTropical marine pollution /cedited by E. J. Ferguson Wood and R. E. Johannes. aNew York :bElsevier Scientific Pub. Co.,c1975. aix, 192 p. :bill. ;c25 cm.0 aElsevier oceanography series ,v12 aIncludes index and bibliography. 0aMarine pollutionxTropics.1 aWood, E. J. Ferguson.1 aJohannes, R. E.q(Robert Earle),d1936- aElsevier oceanography series ,v12